Louise Bourgeois : oeuvres récentes = recent works. (Record no. 734)
[ view plain ]
| 000 -LEADER | |
|---|---|
| campo de control de longitud fija | 01548nam a22002777a 4500 |
| 008 - DATOS DE LONGITUD FIJA--INFORMACIÓN GENERAL | |
| campo de control de longitud fija | 150831b xxu||||| |||| 00| 0 eng d |
| 020 ## - NÚMERO INTERNACIONAL ESTÁNDAR DEL LIBRO | |
| Número Internacional Estándar del Libro | 9782711836871 |
| 082 ## - NÚMERO DE LA CLASIFICACIÓN DECIMAL DEWEY | |
| Número de clasificación | 707.4 |
| Número de ítem | B777-l |
| 100 ## - ENTRADA PRINCIPAL--NOMBRE DE PERSONA | |
| Nombre de persona | Bourgeois, Louise |
| 9 (RLIN) | 3508 |
| 245 ## - MENCIÓN DEL TÍTULO | |
| Título | Louise Bourgeois : oeuvres récentes = recent works. |
| Mención de responsabilidad, etc. | Louise Bourgeois |
| 260 ## - PUBLICACIÓN, DISTRIBUCIÓN, ETC. | |
| Lugar de publicación, distribución, etc. | [Bordeaux] : |
| Nombre del editor, distribuidor, etc. | CapcMusée d'art contemporain de Bordeaux/Serpentine Gallery, |
| Fecha de publicación, distribución, etc. | [1997] |
| 300 ## - DESCRIPCIÓN FÍSICA | |
| Extensión | 131 p. |
| Otras características físicas | ill. (col.) |
| Dimensiones | 28 cm |
| 505 ## - NOTA DE CONTENIDO CON FORMATO | |
| Título | Préface, foreword / Henry-Claude Cousseau; Julia Peyton-Jones; Bera Nordal y Margarida Veiga - Derriére la tapisserie = Behind the tapestry / Marie-Laure Bernadac - Oeuvres récentes = Recent Works - Effets personnels d`une femme sans secrets = The personal effects of a woman with no secrets / Louise Neri - L.B.: de l`Indicible, des lames, des tissus et de la mode = L.B.: of unmentionable, blades, fabrics and fashion / Paulo Herkenhoff - Bigraphie illustrée =Ilustrated biography - Bibliographie sélective = Selected bibliography - Liste des oeuvres exposées = List of Works. |
| 546 ## - NOTA DE IDIOMA | |
| Nota de lengua/lenguaje | Francés |
| 600 ## - PUNTO DE ACCESO ADICIONAL DE MATERIA--NOMBRE DE PERSONA | |
| Nombre de persona | Bourgeois, Louise |
| Numeración | 1911-2010 |
| Subdivisión de forma | Exhibiciones |
| 9 (RLIN) | 3509 |
| 650 ## - PUNTO DE ACCESO ADICIONAL DE MATERIA--TÉRMINO DE MATERIA | |
| Término de materia o nombre geográfico como elemento de entrada | Museo de Arte Contemporáneo de Burdeos |
| Subdivisión cronológica | 1998 |
| 9 (RLIN) | 3515 |
| 650 ## - PUNTO DE ACCESO ADICIONAL DE MATERIA--TÉRMINO DE MATERIA | |
| Término de materia o nombre geográfico como elemento de entrada | Escultura |
| 9 (RLIN) | 3516 |
| 650 ## - PUNTO DE ACCESO ADICIONAL DE MATERIA--TÉRMINO DE MATERIA | |
| Término de materia o nombre geográfico como elemento de entrada | Arte Contemporáneo |
| 9 (RLIN) | 977 |
| 700 ## - ENTRADA AGREGADA--NOMBRE PERSONAL | |
| Nombre de persona | Cousseau, Henry-Claude |
| 9 (RLIN) | 3510 |
| 700 ## - ENTRADA AGREGADA--NOMBRE PERSONAL | |
| Nombre de persona | Peyton-Jones, Julia |
| 9 (RLIN) | 3511 |
| 700 ## - ENTRADA AGREGADA--NOMBRE PERSONAL | |
| Nombre de persona | Nordal, Bera |
| 9 (RLIN) | 3512 |
| 700 ## - ENTRADA AGREGADA--NOMBRE PERSONAL | |
| Nombre de persona | Veiga, Margarida |
| 9 (RLIN) | 3513 |
| 700 ## - ENTRADA AGREGADA--NOMBRE PERSONAL | |
| Nombre de persona | Bernadac, Marie-Laure |
| 9 (RLIN) | 3149 |
| 700 ## - ENTRADA AGREGADA--NOMBRE PERSONAL | |
| Nombre de persona | Neri, Louise |
| 9 (RLIN) | 3514 |
| 700 ## - ENTRADA AGREGADA--NOMBRE PERSONAL | |
| Nombre de persona | Herkenhoff, Paulo |
| 9 (RLIN) | 3073 |
| Estatus retirado | Estado de pérdida | Fuente del sistema de clasificación o colocación | Estado de daño | No para préstamo | Biblioteca de origen | Biblioteca actual | Ubicación en estantería | Fecha de adquisición | Total de préstamos | Signatura topográfica completa | Código de barras | Visto por última vez | Precio de reemplazo | Tipo de ítem Koha |
|---|---|---|---|---|---|---|---|---|---|---|---|---|---|---|
| Clasificación Decimal Dewey | Biblioteca LadoV | Biblioteca LadoV | 31/08/2015 | 707.4 B777-l | 004118 | 31/08/2015 | 31/08/2015 | Material 01 |
